| 000 | 00476nam a22001817a 4500 | ||
|---|---|---|---|
| 003 | MPLRDC | ||
| 005 | 20220104113546.0 | ||
| 008 | 210129b ||||| |||| 00| 0 eng d | ||
| 082 | _a857.62 TLXS v.2 | ||
| 100 | _a艾勒里. 昆恩编选 | ||
| 245 |
_a日本推理小说杰作精选. 二 _c |
||
| 250 | _a初版 | ||
| 260 |
_a _b林白出版社有限公司 _c1979 |
||
| 300 | _b平 | ||
| 490 | _a推理小说系列. 2 | ||
| 650 | _a推理小说 | ||
| 942 |
_cBK _o857.62 TLXS v.2 |
||
| 999 |
_c594 _d584 |
||